| 000 | 00394nam a22001217a 4500 | ||
|---|---|---|---|
| 082 | _aTHE 200 | ||
| 100 |
_aTARIQ MAHMOOD, _947975 |
||
| 245 | _aTH-SOF-0607-PHASE NOISE PERFORMANCE EVALUATION OF OSCILLATORS USING VARIOUS RESONANT CIRCUITS.pdf | ||
| 260 |
_aNUST COLLEGE OF EME _bISLAMABAD _c2018 |
||
| 650 |
_a MS-ELECT-40 MSTHESIS _972857 |
||
| 700 |
_aDR MOJEEB BIN IHSAN _918601 |
||
| 942 | _cCF | ||
| 999 |
_c578832 _d578832 |
||